000 01454nam a2200289Ia 4500
008 130821s2008 ck gr spa
020 _a9789584426529
040 _aCo-BoUCM
_bspa
041 0 0 _aspa
245 0 0 _aBogotá un museo a cielo abierto guía de esculturas y monumentos conmemorativos en el espacio público
_cInvestigación histórica y recopilación de imágenes históricas: María Clara Torres y Hugo Delgadillo ; edición: Margarita Mariño ; fotografías: Jorge Alberto Martínez Quintero [y otros] ; planos: Ricardo Vélez y Laura Pombo Umaña.
260 _aBogotá (Colombia)
_bAlcaldía Mayor de Bogotá, Instituto Distrital del Patrimonio Cultural
_c2008
300 _a1 volumen[419 páginas
504 _aIncluye referencias bibliográficas.
650 0 4 _aArte
_99444
650 0 4 _aEscultura
_zBogotá (Colombia)
_97585
650 0 4 _aEstatuas
_zBogotá (Colombia)
_915047
650 0 4 _aMonumentos
_zBogotá (Colombia)
_919745
650 0 4 _aSitios históricos
_zBogotá (Colombia)
_98116
700 1 _aDelgadillo, Hugo
_9159251
700 1 _aMariño, Margarita
_978127
700 1 _aMúnera, Natalia
_9159252
700 1 _aSierra, Yolanda
_9159253
700 1 _aTorres, María Clara
_9159254
710 1 _aBogotá.
_bAlcaldía Mayor.
_bSecretaria de Cultura, Recreación y Deporte.
_bInstituto Distrital de Patrimonio Cultural
_9159255
942 _cLIBRO
_a17
_e1
_mA346b
_2DEWEY
_h731.76
999 _c36972
_d36972